000 00874nam a2200193 i 4500
001 187910
003 ES-MaACL
005 20250727190108.0
008 180323s1926 sp |||| | spa d
100 1 _aCastañeda y Alcover, Vicente,
_d1884-1958
_936414
245 1 0 _aContribución para el estudio de las bibliotecas públicas de España /
_cpor Vicente Castañeda y Alcover.
260 _aMadrid :
_b[s.n.],
_c1926 (
_fBlass tipogragía)
300 _a12 p. ;
_c23 cm.
490 1 _aConferencias dadas en el Centro de intercambio intelectual germano-español ;
_v3
650 0 4 _aBibliotecas públicas-
_zEspaña.
_910550
830 0 0 _aConferencias dadas en el Centro de Intercambio Intelectual Germano-Español
_v3
_9192904
852 _aES-MaACL
_jC-8111(3)
_z.- Donat. del Centro de Intercambio Intelectual Germano-Español (Madrid)
999 _c187910
_d187910